| 000 | 00395nam a2200157Ia 4500 | ||
|---|---|---|---|
| 008 | 220524s9999 xx 000 0 und d | ||
| 041 | _aeng | ||
| 082 | _a--- | ||
| 100 |
_aMartin R. & Thurstan M. _93659 |
||
| 245 | _aContemporary Botanical Illustration With The Eden Project | ||
| 260 |
_bBatsford _c2008 |
||
| 300 | _a144p | ||
| 650 |
_aIllustration _93660 |
||
| 906 | _a767 | ||
| 999 |
_c5461 _d5461 |
||